Fundamentals of Abnormal Psychology Ed 4 (Record no. 149343)
[ view plain ]
| 000 -LEADER | |
|---|---|
| fixed length control field | 00526nam a2200217Ia 4500 |
| 003 - CONTROL NUMBER IDENTIFIER | |
| control field | OSt |
| 005 - DATE AND TIME OF LATEST TRANSACTION | |
| control field | 20250811100028.0 |
| 008 - FIXED-LENGTH DATA ELEMENTS--GENERAL INFORMATION | |
| fixed length control field | 210210b2005 xxu||||| |||| 00| 0 eng d |
| 020 ## - INTERNATIONAL STANDARD BOOK NUMBER | |
| International Standard Book Number | 0716786257 |
| 040 ## - CATALOGING SOURCE | |
| Transcribing agency | AL |
| 041 ## - LANGUAGE CODE | |
| Language code of text/sound track or separate title | eng |
| 082 ## - DEWEY DECIMAL CLASSIFICATION NUMBER | |
| Classification number | 157 COMF |
| 100 ## - MAIN ENTRY--PERSONAL NAME | |
| Personal name | Ronald J Comer |
| 9 (RLIN) | 124184 |
| 245 ## - TITLE STATEMENT | |
| Title | Fundamentals of Abnormal Psychology Ed 4 |
| 250 ## - EDITION STATEMENT | |
| Edition statement | 4 |
| 260 ## - PUBLICATION, DISTRIBUTION, ETC. | |
| Place of publication, distribution, etc. | New York |
| Name of publisher, distributor, etc. | Worth Publishers |
| Date of publication, distribution, etc. | 2005 |
| 300 ## - PHYSICAL DESCRIPTION | |
| Extent | xxv,497+93 |
| 690 ## - LOCAL SUBJECT ADDED ENTRY--TOPICAL TERM (OCLC, RLIN) | |
| Topical term or geographic name as entry element | Abnormal Psychology |
| 9 (RLIN) | 124186 |
| 906 ## - LOCAL DATA ELEMENT F, LDF (RLIN) | |
| a | 066880 |
| 942 ## - ADDED ENTRY ELEMENTS (KOHA) | |
| Source of classification or shelving scheme | Dewey Decimal Classification |
| Koha item type | Donated Books |
| Withdrawn status | Lost status | Source of classification or shelving scheme | Damaged status | Not for loan | Collection code | Home library | Current library | Date acquired | Source of acquisition | Cost, normal purchase price | Total Checkouts | Total Renewals | Full call number | Barcode | Date last seen | Date last checked out | Price effective from | Koha item type |
|---|---|---|---|---|---|---|---|---|---|---|---|---|---|---|---|---|---|---|
| Dewey Decimal Classification | Psychology | St Aloysius Library | St Aloysius Library | 02/17/2021 | Prajwal Book Distributors, Bangalore-560061 | 1995.00 | 10 | 2 | 157 COMF | 066880 | 04/17/2026 | 04/15/2026 | 02/17/2021 | Book | ||||
| Dewey Decimal Classification | Psychology | St Aloysius Library | St Aloysius Library | 06/03/2023 | 5 | 1 | 157 COMF | D05669 | 04/17/2026 | 04/09/2026 | 06/16/2023 | Donated Books |